| 000 | 00340nam a22001457a 4500 | ||
|---|---|---|---|
| 003 | MACL | ||
| 005 | 20180228125441.0 | ||
| 008 | 180228b xxu||||| |||| 00| 0 eng d | ||
| 040 | _cMACL | ||
| 100 |
_aWinthrop Sargeant _970913 |
||
| 245 | _aBhagavad Gita | ||
| 260 |
_adelhi _bAleph _c2016 |
||
| 650 |
_aReligion _970914 |
||
| 942 |
_2ddc _cBK |
||
| 999 |
_c57331 _d57331 |
||